| 000 | 00408nam a22001697a 4500 | ||
|---|---|---|---|
| 003 | MPLRDC | ||
| 005 | 20220104143941.0 | ||
| 008 | 210129b ||||| |||| 00| 0 eng d | ||
| 082 | _a435.431 CS c.2 | ||
| 100 | _a陈苏编著 | ||
| 245 |
_a非洲紫罗兰栽培 _c |
||
| 250 | _a初版 | ||
| 260 |
_a _b万里书店 _c1981 |
||
| 300 | _b平 | ||
| 650 | _a观赏园艺--兰花 | ||
| 942 |
_cBK _o435.431 CS c.2 |
||
| 999 |
_c44942 _d44932 |
||